<?xml version="1.0" encoding="UTF-8"?>
<record
    xmlns:xsi="http://www.w3.org/2001/XMLSchema-instance"
    xsi:schemaLocation="http://www.loc.gov/MARC21/slim http://www.loc.gov/standards/marcxml/schema/MARC21slim.xsd"
    xmlns="http://www.loc.gov/MARC21/slim">

  <leader>00383nam a22001337a 4500</leader>
  <controlfield tag="005">20260310085447.0</controlfield>
  <controlfield tag="008">260310b        |||||||| |||| 00| 0 eng d</controlfield>
  <datafield tag="040" ind1=" " ind2=" ">
    <subfield code="c">RTC</subfield>
  </datafield>
  <datafield tag="082" ind1=" " ind2=" ">
    <subfield code="a">REF 420.24 ROY</subfield>
  </datafield>
  <datafield tag="110" ind1=" " ind2=" ">
    <subfield code="a">Royal Thimphu College</subfield>
  </datafield>
  <datafield tag="245" ind1=" " ind2=" ">
    <subfield code="a">EAP 101 intermediate English for academic purposes : </subfield>
    <subfield code="b">course pack spring 2026</subfield>
  </datafield>
  <datafield tag="300" ind1=" " ind2=" ">
    <subfield code="a">185 p.;</subfield>
    <subfield code="c">40 Cm</subfield>
  </datafield>
  <datafield tag="942" ind1=" " ind2=" ">
    <subfield code="2">ddc</subfield>
    <subfield code="c">REFERENCE</subfield>
  </datafield>
  <datafield tag="999" ind1=" " ind2=" ">
    <subfield code="c">10557</subfield>
    <subfield code="d">10558</subfield>
  </datafield>
  <datafield tag="952" ind1=" " ind2=" ">
    <subfield code="0">0</subfield>
    <subfield code="1">0</subfield>
    <subfield code="2">ddc</subfield>
    <subfield code="4">0</subfield>
    <subfield code="7">0</subfield>
    <subfield code="8">REFERENCE</subfield>
    <subfield code="a">RTCLIB</subfield>
    <subfield code="b">RTCLIB</subfield>
    <subfield code="c">REFERENCE</subfield>
    <subfield code="d">2026-03-10</subfield>
    <subfield code="g">320.00</subfield>
    <subfield code="i">19919</subfield>
    <subfield code="l">0</subfield>
    <subfield code="o">REF 420.24 ROY</subfield>
    <subfield code="p">30021137</subfield>
    <subfield code="r">2026-03-10 08:56:14</subfield>
    <subfield code="w">2026-03-10</subfield>
    <subfield code="y">REFERENCE</subfield>
  </datafield>
  <datafield tag="952" ind1=" " ind2=" ">
    <subfield code="0">0</subfield>
    <subfield code="1">0</subfield>
    <subfield code="2">ddc</subfield>
    <subfield code="4">0</subfield>
    <subfield code="7">0</subfield>
    <subfield code="8">RESERVE</subfield>
    <subfield code="a">RTCLIB</subfield>
    <subfield code="b">RTCLIB</subfield>
    <subfield code="c">RESERVE</subfield>
    <subfield code="d">2026-03-10</subfield>
    <subfield code="g">320.00</subfield>
    <subfield code="i">19920</subfield>
    <subfield code="l">0</subfield>
    <subfield code="o">420.24 ROY c1</subfield>
    <subfield code="p">30021138</subfield>
    <subfield code="r">2026-03-10 08:56:00</subfield>
    <subfield code="w">2026-03-10</subfield>
    <subfield code="y">RESERVE</subfield>
  </datafield>
  <datafield tag="952" ind1=" " ind2=" ">
    <subfield code="0">0</subfield>
    <subfield code="1">0</subfield>
    <subfield code="2">ddc</subfield>
    <subfield code="4">0</subfield>
    <subfield code="7">0</subfield>
    <subfield code="8">RESERVE</subfield>
    <subfield code="a">RTCLIB</subfield>
    <subfield code="b">RTCLIB</subfield>
    <subfield code="c">RESERVE</subfield>
    <subfield code="d">2026-03-10</subfield>
    <subfield code="g">320.00</subfield>
    <subfield code="i">19921</subfield>
    <subfield code="l">0</subfield>
    <subfield code="o">420.24 ROY c2</subfield>
    <subfield code="p">30021139</subfield>
    <subfield code="r">2026-03-10 08:56:00</subfield>
    <subfield code="w">2026-03-10</subfield>
    <subfield code="y">RESERVE</subfield>
  </datafield>
  <datafield tag="952" ind1=" " ind2=" ">
    <subfield code="0">0</subfield>
    <subfield code="1">0</subfield>
    <subfield code="2">ddc</subfield>
    <subfield code="4">0</subfield>
    <subfield code="7">0</subfield>
    <subfield code="8">RESERVE</subfield>
    <subfield code="a">RTCLIB</subfield>
    <subfield code="b">RTCLIB</subfield>
    <subfield code="c">RESERVE</subfield>
    <subfield code="d">2026-03-10</subfield>
    <subfield code="g">320.00</subfield>
    <subfield code="i">19922</subfield>
    <subfield code="l">0</subfield>
    <subfield code="o">420.24 ROY c3</subfield>
    <subfield code="p">30021140</subfield>
    <subfield code="r">2026-03-10 08:56:00</subfield>
    <subfield code="w">2026-03-10</subfield>
    <subfield code="y">RESERVE</subfield>
  </datafield>
  <datafield tag="952" ind1=" " ind2=" ">
    <subfield code="0">0</subfield>
    <subfield code="1">0</subfield>
    <subfield code="2">ddc</subfield>
    <subfield code="4">0</subfield>
    <subfield code="7">0</subfield>
    <subfield code="8">RESERVE</subfield>
    <subfield code="a">RTCLIB</subfield>
    <subfield code="b">RTCLIB</subfield>
    <subfield code="c">RESERVE</subfield>
    <subfield code="d">2026-03-10</subfield>
    <subfield code="g">320.00</subfield>
    <subfield code="i">19923</subfield>
    <subfield code="l">0</subfield>
    <subfield code="o">420.24 ROY c4</subfield>
    <subfield code="p">30021141</subfield>
    <subfield code="r">2026-03-10 08:56:00</subfield>
    <subfield code="w">2026-03-10</subfield>
    <subfield code="y">RESERVE</subfield>
  </datafield>
</record>
